Statystyki dla Najlepsi piłkarze z danego kraju

Kliknij tutaj aby rozwiązać quiz!

Ogólne statystyki

  • Ten quiz został rozwiązany 158 razy
  • Średni wynik to 4 z 9

Statystyki odpowiedzi

HintOdpowiedź% Poprawnych
EgiptSalah
99%
SenegalMane
87%
Korea PołudniowaSon
83%
AlgieriaMahrez
51%
MarokoZiyech
35%
KanadaDavid
34%
NigeriaOsimhen
32%
JaponiaMitoma
18%
KamerunChoupo-moting
5%

Rozkład punktacji

Percentyl według liczby udzielonych odpowiedzi

Procent ludzi z każdym wynikiem

Twoja historia wyników

Nie rozwiązałeś tego quizu